000
00315nam a22001337a 4500
008
170807b xxu||||| |||| 00| 0 eng d
020
_a
9780878358182
041
_a
eng
080
_a
004
100
_a
33
101
_a
SHKI
245
_a
SYSTEMS ANALYSIS, DESIGN, AND IMPLEMENTATION
_c
BURCH, J.G
942
_2
udc
_c
BK
999
_c
22760
_d
22760